| 000 | 00610nam a22002297a 4500 | ||
|---|---|---|---|
| 003 | URS | ||
| 005 | 20250828100511.0 | ||
| 008 | 250325b ||||| |||| 00| 0 eng d | ||
| 020 | _a9788122430455 | ||
| 040 | _cURS | ||
| 050 |
_aQC777 _b.P27n 2011 |
||
| 100 |
_911568 _aPatel, S. B. |
||
| 245 |
_aNuclear Physics _bAn Introduction |
||
| 250 | _a2nd Edition | ||
| 264 |
_aNew Delhi _bNew Age International Limited _c©2011 |
||
| 300 | _a372 pages.,: | ||
| 336 |
_2rdacontent _atext |
||
| 337 |
_2rdamedia _aunmediated |
||
| 338 |
_2rdacarrier _avolume |
||
| 650 | 0 |
_92777 _aNuclear physics |
|
| 942 |
_2lcc _cR |
||
| 999 |
_c84998 _d84996 |
||